Automatic Abstracting: (Record no. 759003)

MARC details
000 -LEADER
fixed length control field 00659nam a2200157 4500
020 ## - INTERNATIONAL STANDARD BOOK NUMBER
ISBN 9788198930750
082 ## - DEWEY DECIMAL CLASSIFICATION NUMBER
Classification number 025.48 DAR/AUT
100 ## - MAIN ENTRY--AUTHOR NAME
Personal name Dariush Alimohammadi
245 ## - TITLE STATEMENT
Title Automatic Abstracting:
Sub Title Concepts, Techniques and Technologies
Statement of responsibility, etc by Dariush Alimohammadi
260 ## - PUBLICATION, DISTRIBUTION, ETC. (IMPRINT)
Place of publication New Delhi:
Name of publisher Ess Ess publications,
Year of publication 2026.
300 ## - PHYSICAL DESCRIPTION
Number of Pages xvii, 363p.
504 ## - BIBLIOGRAPHY, ETC. NOTE
Bibliography, etc Includes references
505 ## - FORMATTED CONTENTS NOTE
Formatted contents note Automatic Abstracting--Introduction--Approaches--Techniques and methods--evaluation--challanges--limitations--ethical considerations--future--application of automatic abstracting in Academia and industry
942 ## - ADDED ENTRY ELEMENTS (KOHA)
Source of classification or shelving scheme Dewey Decimal Classification
Koha item type Book
Holdings
Withdrawn status Lost status Source of classification or shelving scheme Damaged status Not for loan Home Library Current Location Date acquired Full call number Accession Number Price effective from Koha item type
    Dewey Decimal Classification     Dept. of Library and Information Science Dept. of Library and Information Science 24/04/2026 025.48 DAR/AUT DLS6094 24/04/2026 Book